|
|
|
|
| LEADER |
00000nas a2200000 a 4500 |
| 001 |
ssj0020511 |
| 003 |
WaSeSS |
| 005 |
20200512172242.0 |
| 006 |
m d |
| 007 |
cr n |
| 008 |
860709d19842005oncmx p s 0 a0eng |
| 010 |
|
|
|a cn 86030250
|
| 015 |
|
|
|a 860302504
|2 can
|
| 016 |
|
|
|a (AMICUS)000005964915
|
| 016 |
7 |
|
|a 9891779
|2 DNLM
|
| 016 |
7 |
|
|a SR0091843
|2 DNLM
|
| 016 |
|
|
|a 860302504
|
| 022 |
|
|
|y 0823-9258
|
| 035 |
|
|
|a (WaSeSS)ssj0020511
|
| 040 |
|
|
|a NLC
|b eng
|c NLC
|d OCLCO
|d CNCGM
|d OCLCF
|d CGC
|d NST
|d NLM
|d CNNOR
|d U3G
|d WaSeSS
|
| 042 |
|
|
|a nlc
|a isds/c
|
| 055 |
0 |
1 |
|a HQ772
|
| 082 |
0 |
|
|a 649/.1/05
|2 19
|
| 084 |
|
|
|a cci1icc
|2 lacc
|
| 210 |
0 |
|
|a Today's parent
|
| 222 |
|
0 |
|a Today's parent
|
| 245 |
0 |
0 |
|a Today's parent
|h [electronic resource].
|
| 246 |
3 |
|
|a Today's parent Toronto!
|
| 260 |
|
|
|a Toronto :
|b Professional Publishing Associates,
|c 1984-2005.
|
| 310 |
|
|
|a Eleven times a year,
|b 200--July 2005.
|
| 321 |
|
|
|a Bimonthly,
|b Dec. 1984-200-
|
| 321 |
|
|
|a Frequency varies,
|b 200--200-
|
| 362 |
0 |
|
|a Vol. 1, no. 1 (Dec. 1984)-[v. 22, no. 6] (July 2005).
|
| 500 |
|
|
|a Includes a section called: Today's parent Toronto!
|
| 500 |
|
|
|a Published: Rogers Pub., 200--July 2005.
|
| 506 |
|
|
|a License restrictions may limit access.
|
| 650 |
|
0 |
|a Child rearing
|x Periodicals.
|
| 650 |
|
0 |
|a Parenting
|x Periodicals.
|
| 650 |
|
0 |
|a Parent and child
|x Periodicals.
|
| 650 |
|
6 |
|a Éducation des enfants
|x Périodiques.
|
| 650 |
|
6 |
|a Rôle parental
|x Périodiques.
|
| 650 |
|
6 |
|a Parents et enfants
|x Périodiques.
|
| 650 |
|
7 |
|a Child rearing.
|2 fast
|0 (OCoLC)fst00854588
|
| 650 |
|
7 |
|a Parent and child.
|2 fast
|0 (OCoLC)fst01053308
|
| 650 |
|
7 |
|a Parenting.
|2 fast
|0 (OCoLC)fst01053407
|
| 650 |
2 |
2 |
|a Parent-Child Relations.
|
| 655 |
|
0 |
|a Electronic journals.
|
| 770 |
0 |
|
|t Great expectations.
|d Toronto : Professional Publishing Associates, 1972-[2000]
|x 0823-9266
|w (OCoLC)42347470
|
| 770 |
0 |
|
|t Today's parent, pregnancy & birth.
|d Toronto : Today's Parent Group, 2001-[2007]
|x 1702-8590
|w (CaOONL)20023011076
|w (OCoLC)50146215
|w (DLC)cn2002301107
|
| 785 |
0 |
0 |
|t Canadian today's parent.
|d Toronto : Rogers Pub., c2005-
|x 1912-0303
|w (CaOONL)20063018861
|w (OCoLC)76879016
|w (DLC)cn2006301886
|
| 856 |
4 |
0 |
|z Full text available from Research Library: 02/01/1993 to present
|u https://search.proquest.com/publication/25802
|